MARC

LEADER 00000nam0a2200000 4500
001 297951
005 20231102001046.0
010 |a 0080271812 
035 |a (RuTPU)RU\TPU\book\323086 
090 |a 297951 
100 |a 20150613d1981 m y0engy50 ba 
101 0 |a eng 
102 |a US 
105 |a a z 001zy 
200 1 |a Heat Transfer and Fluid Flow in Nuclear Systems  |f edited by H. Fenech 
210 |a New York  |a Oxford  |a Toronto  |a Sydney  |a Paris  |a Frankfurt  |c Pergamon Press  |d 1981 
215 |a 582 p.  |c il. 
320 |a Index: p. 577-582 
606 1 |a Геотермальные энергетические установки  |2 stltpush  |3 (RuTPU)RU\TPU\subj\67263  |9 83144 
606 1 |a Ядерные реакторы  |x Тепловой расчет  |2 stltpush  |3 (RuTPU)RU\TPU\subj\21680  |9 46634 
610 1 |a ядерные системы 
610 1 |a тепловые расчеты 
610 1 |a производительность 
610 1 |a потоки жидкости 
610 1 |a теплопередача 
610 1 |a тяжелая вода 
610 1 |a жидкометаллические теплоносители 
610 1 |a гелий 
610 1 |a охлаждение 
610 1 |a теплообменники 
610 1 |a парогенераторы 
610 1 |a английский язык 
675 |a 621.48  |v 4 
675 |a 621.039.517  |v 4 
702 1 |a Fenech  |b H.  |g Henri  |4 340 
801 1 |a RU  |b 63413507  |c 20150613 
801 2 |a RU  |b 63413507  |c 20161215  |g RCR 
942 |c BK